000 00514nam a22001817a 4500
005 20241014063323.0
008 241014b |||||||| |||| 00| 0 eng d
020 _a9781776176243
041 _aEnglish
082 _a349 JOU
100 _lEnglish
245 _aThe Law of South Africa /
_cWA Joubert and JA Faris
250 _aThird Edition
260 _aDurban:
_bLexisNexis,
_c2022
300 _bix, 368 pages ;
_c26 cm.
650 _aLegal practice
_bLaw
942 _cBK
_6ALISON_BN_VRIES
999 _c3212
_d3212